| 000 | 00000nam##2200000za#4500 |
| 001 | 9.643457 |
| 003 | CaOODSP |
| 005 | 20210624224158 |
| 007 | cr ||||||||||| |
| 008 | 150407|1984||||xxc|||||o f|0| 0 fre|d |
| 040 | |aCaOODSP|bfre |
| 043 | |an-cn--- |
| 086 | 1 |aA53-1762/1984F-PDF |
| 110 | 1 |aCanada.|bAgriculture Canada. |bDirection générale de recherche. |
| 245 | 13|aLa culture du framboisier rouge dans l'est du Canada / |h[ressource électronique]|c[par] D.L. Craig, L.J. Coulombe et I. Rivard. |
| 260 | |aOttawa - Ontario : |bAgriculture Canada. |c1984. |
| 300 | |a36p.|bfigures, tableaux, photographies |
| 500 | |aPublication historique numérisée par Agriculture et Agroalimentaire Canada. -- «Cette publication remplace les publications 1196, Culture du framboisier rouge dans l'est du Canada, et 1447, Variétés de framboises rouges pour l'est du Canada, publiées par Agriculture Canada.»--p. 3 de 36. |
| 590 | |a15-01-Supp|b2015-01-26 |
| 691 | 07|aCultures fruitières|2gcpds |
| 775 | 08|tCultivating red raspberries in Eastern Canada / |w(CaOODSP)9.699502 |
| 856 | 40|ahttp://publications.gc.ca|qPDF|s2.5 Mo|uhttps://publications.gc.ca/collections/collection_2014/aac-aafc/agrhist/A53-1762-1984-fra.pdf |
| 986 | |a1762F |